000 00558nam a2200169Ia 4500
008 140529s9999 xx 000 0 und d
020 _a9781437722673
050 _aRM 300
_b.F79 2012
100 _aFulcher, Eugenia M.
245 _aPharmacology :
_bprinciples and applications /
_cEugenia M. Fulcher, Robert M. Fulcher, Cathy D. Soto
250 _a3rd ed.
260 _aSt. Louis, Mo. :
_bMosby/Elsevier,
_cc2012.
300 _a642 p. :
_bcol. ill. ;
_c28 cm.
500 _aIncludes appendix, glossary and index.
942 _kFOR
_cBK
999 _c117583
_d117583